01128naa#a2200193#i#4500001001600000005001700016011001400033100004100047102000700088200029400095210021400389215001100603608004500614675009800659700005200757700005000809700005800859856001700917RU\\bibl\12681820260701221257.3##a1815-588X##a20260630b2026####ek#y0rusy0150####ca##aRU1#aСпособ уменьшения тормозного пути вагона электропоезда путем усовершенствования конструкции клещевого механизма тормозного устройстваeЖурнальная статья1#aСанкт-ПетербургcФГБОУ ВО "Петербургский государственный университет путей сообщения Императора Александра I"d2026##a10 с.##aЖурнальная статья2local##a(Детали средств транспорта, кроме двигателей). 629.1.01#1aКоржовgСергей Николаевич#1aЯицковgИван Анатольевич#1aПоляковgПавел Александрович4#aatjournal.ru